000 00455nam a2200145Ia 4500
008 230917s9999||||xx |||||||||||||| ||und||
040 _e44128
_aMAIN
041 _aEnglish
082 _a410 W617O
100 _aWhitney, William D wight
245 0 _aOriental and linguistic studies. V2- The East and West, religion and mythology, orthography and phenology, Hindu Astronomy
260 _aDelhi
_bSri Satguru
_c1987
300 _aviii, 431 p.
942 _cBK
999 _c57497
_d57497